000 00735nam a22002297a 4500
003 UA-OsUOA
001 55084
007 ta
008 20080808b un ||||| |||| 00| 0 ukr d
100 _aЕгоров Н. Н.
090 _a343.146:343.98
_bЕ30
942 _cBK
040 _aUA-OsUOA
_brus
_cUA-OsUOA
_dUA-OsUOA
245 _aВещественные доказательства: уголовно-процессуальный и криминалистический аспекты
300 _a304 с.
955 _a1
041 _arus
080 _a343.146:343.98
260 _aМ.
_bЮрлитинформ
_c2007
650 7 _a343 Кримінальне право. Карні порушення
_2UDC
999 _c341163
_d341163